000 01005 a2200229 4500
005 20260330140108.0
008 260330b |||||||| |||| 00| 0 eng d
020 _a9788126319626 (hbk)
037 _cTB
040 _aCRL
_cCRL
041 _2hin
_ahin
084 _aO152,3N80,AU Q1;R2
_qCRL
100 _aसिंह, कुणाल
_9860156
245 _aआदिग्राम उपाख्यान
260 _bभारतीय ज्ञानपीठ,
_c2022.
_aनयी दिल्ली, भारत:
300 _a184पृ.
365 _b200.00
_cINR
490 _aलोकोदय ग्रंथमाला: ग्रंथांक 1045. सम्पादक रविन्द्र कालिया
650 _aहिन्दी कहानी
942 _cTB
_2CC
_hO152,3N80,AU Q1;R2
999 _c1466581
_d1466581